Countries that border China - Statistics

General Stats
  • This quiz has been taken 14 times
  • The average score is 12 of 14
Answer Stats
Length Answer % Correct
3,488 India
100%
4,677 Mongolia
100%
3,645 Russia
100%
1,283 Vietnam
100%
423 Lao | Laos | Lao PDR
93%
1,416 North Korea
93%
1,533 Kazakhstan
86%
596 Pakistan
86%
76 Afghanistan
79%
470 Bhutan
79%
858 Kyrgyzstan
79%
1,440 Nepal
79%
2,185 Myanmar | Bhurma
71%
414 Tajikistan
64%
No matching quizzes found
Score Distribution
Percent of People with Each Score
Percentile by Number Answered
Your Score History
You have not taken this quiz